Hebreos y Cartas Católicas: Santiago, 1 y 2 Pedro, Judas, 1, 2 y 3 Juan

Shranjeno v:
Bibliografske podrobnosti
Glavni avtor: Lugo Rodríguez, Raúl H. (autor)
Drugi avtorji: López Rosas, Ricardo (autor)
Format: Knjiga
Jezik:španščina
Izdano: Pamplona Verbo Divino 2008
Izdaja:1a. ed
Serija:Biblioteca Bíblica Básica, 21
Teme:
Oznake: Označite
Brez oznak, prvi označite!

MARC

LEADER 00000cam a2200000 a 4500
001 UCD2390
003 CL-VaPUC
008 160421e20080000sp |||||||||||||||||spa|d
020 |a 9788481697834 
082 0 4 |a 225  |b LUG  |2 21 
100 |a Lugo Rodríguez, Raúl H.  |e autor  |9 585731 
700 |a López Rosas, Ricardo  |e autor  |9 585740 
245 1 0 |a Hebreos y Cartas Católicas: Santiago, 1 y 2 Pedro, Judas, 1, 2 y 3 Juan 
250 |a 1a. ed 
300 |a 285 p 
942 |c BK 
945 |d 20160421 23:07:00  |a arojas 
260 |a Pamplona  |b Verbo Divino  |c 2008 
600 0 7 |a SANTIAGO  |2 CL-VaPUC  |9 561064 
600 0 7 |a SAN PEDRO  |2 CL-VaPUC  |9 399767 
600 0 |a San Juan Evangelista   |9 337229 
650 7 |a HEBREOS  |2 CL-VaPUC  |9 314389 
650 0 |a Nuevo testamento  |9 257604 
583 |a last modification  |c 20160421 23:07:00  |k Rodrigo Vera 
490 0 |a Biblioteca Bíblica Básica, 21 
999 |c 363552  |d 363550 
952 |0 0  |1 0  |3 erb  |4 0  |6 225_000000000000000_LUG_2008  |7 0  |8 A  |9 476013  |a BIBTEO  |b BIBTEO  |i 5283566  |o 225 LUG 2008  |p 5283566  |r 2025-01-17  |w 2019-11-24  |y BK  |z Catalogado en:20160421  |k ICR